Movies Quiz

Random Movies or Famous Quiz

Who Played Me in Film? Quiz Stats

 Plays Quiz Updated Jul 8, 2019

Score 0/15 Timer 05:00
9 Plays Today
Question Answer Wrong Answers
Mohandas Gandhi Ben Kingsley
97.3%
Danny Devito
1.5%
Mel Gibson
0.5%
Frida Kahlo Salma Hayek
95.1%
Sofia Vergara
2.6%
Courtney Cox
1.5%
Ray Charles Jamie Foxx
93.7%
Eddie Murphy
2.6%
Samuel L. Jackson
3%
Abraham Lincoln Daniel Day Lewis
91.2%
Hugh Jackman
5.5%
Keanu Reeves
2.6%
Harvey Milk Sean Penn
89.7%
Seth MacFarlane
3.5%
Owen Wilson
5.9%
Babe Ruth John Goodman
89.3%
Bruce Willis
5.6%
Will Ferrell
4.2%
Queen Elizabeth II Helen Mirren
89.3%
Nicole Kidman
1.5%
Maggie Smith
8.5%
Idi Amin Forest Whitaker
89%
Morgan Freeman
7.7%
Chris Rock
2.5%
Muhammad Ali Will Smith
88.8%
Denzel Washington
9.5%
Don Cheadle
1%
Margaret Thatcher Meryl Streep
87.6%
Joan Cusack
4.3%
Glenn Close
7.4%
Aileen Wuornos Charlize Theron
86.7%
Cameron Diaz
7.6%
Kirsten Bell
4.9%
Winston Churchill Gary Oldman
86.7%
Ryan Gosling
1.1%
David Hyde Pierce
11.5%
Martin Luther King Jr. David Oyelowo
82.6%
Seal
2.7%
Delroy Lindo
13.9%
Howard Hughes Leonardo DiCaprio
82.4%
Mark Wahlberg
6.8%
Richard Gere
10%
Walt Disney Tom Hanks
80.1%
Alec Baldwin
8.9%
Steve Carell
10.2%

You're not logged in!

Compare scores with friends on all Sporcle quizzes.
OR
Log In

Sporcle TV

Today on Sporcle TV


Watch our educational content, quiz creation guides, and fun videos on Sporcle TV.

Show Comments

Extras

Top Quizzes Today


Score Distribution

Your Account Isn't Verified!

In order to create a playlist on Sporcle, you need to verify the email address you used during registration. Go to your Sporcle Settings to finish the process.

Report this User

Report this user for behavior that violates our Community Guidelines.

Details: